| 000 | 00763nam a2200205 a 4500 | ||
|---|---|---|---|
| 001 | 000038221 | ||
| 005 | 20250203105242.0 | ||
| 008 | 130404s2007 dr 000 0 spa d | ||
| 020 | _a99934450308 | ||
| 040 |
_aDO-SdBNP _bspa _cBNPHU |
||
| 100 | 1 |
_aMinaya, Edickson _9820 |
|
| 245 | 1 | 0 |
_aFilosofía y sentido : _bapuntes para una concepción hermenéutica de la filosofía / _cEdickson Minaya ; prólogo Carlos Rojas Osorio. |
| 250 | _a2a ed. corr. y aum. | ||
| 260 |
_aSanto Domingo : _bSurco, _c2007. |
||
| 300 |
_a119 p. ; _c22 cm. |
||
| 500 | _aIncluye datos biográficos del autor en la solapa de la cubierta | ||
| 500 | _aIncluye notas al pie de las páginas | ||
| 504 | _aBibliografía : p. 117-119 | ||
| 700 | 1 |
_aRojas Osorio, Carlos _d1946- _epról. _9808 |
|
| 999 |
_c37711 _d37711 |
||